| 000 | 01316nam0a22003251 4500 | ||
|---|---|---|---|
| 001 | rc\4956002 | ||
| 005 | 20260406083035.0 | ||
| 021 |
_aRU _b[58-66464] |
||
| 035 | _a(NLR Aleph) 008860235 | ||
| 090 |
_a8456469 _c8456469 |
||
| 100 | _a20130426d1958 |||y0rusy50 ca | ||
| 101 | 0 | _arus | |
| 102 | _aRU | ||
| 105 | _aa z ||||| | ||
| 200 | 1 |
_aРабочие и крестьяне России о Ленине _eВоспоминания. [1917-1923 гг. _fВступ. статья А. Стручкова] |
|
| 210 |
_aМосква _cСов. Россия _d1958 |
||
| 215 |
_a342 с., 10 л. ил. _cил. _d23 |
||
| 300 | _aНа обороте тит. л. сост.: Лавров Р.А., Логинов В.Т., Степанов В.Н., Юницкая Р.З. | ||
| 702 | 1 |
_aЮницкая _bР.З. _4220 |
|
| 702 | 1 |
_aЛенин _bВ.И. _f1870-1924 _gВладимир Ильич _4570 |
|
| 702 | 1 |
_aСтручков _bА. _4080 |
|
| 702 | 1 |
_4220 _7ca _8rus _aЛавров _bР. А. _cархивариус _f1920-1989 _gРостислав Александрович _3RU\NLR\AUTH\770277782 _92649749 |
|
| 702 | 1 |
_aСтепанов _bВ.Н. _4220 |
|
| 702 | 1 |
_aЛогинов _bВ.Т. _4220 |
|
| 801 | 0 |
_aRU _bNLR _gpsbo |
|
| 801 | 1 |
_aRU _bELAR _2rusmarc |
|
| 852 |
_aNLR _j58-5/4517 |
||
| 942 | _cBOOK | ||
| 980 | _aNB | ||